| 000 | 00742cam a22002533a 4500 | ||
|---|---|---|---|
| 001 | 17492 | ||
| 003 | PGUSA | ||
| 005 | 20140828083355.0 | ||
| 008 | 060111s2006||||xxu|||||s|||||000 1 eng d | ||
| 040 |
_aPGUSA _beng |
||
| 042 | _adc | ||
| 050 | 4 | _aPZ | |
| 100 | 1 | _aHope, Laura Lee | |
| 245 | 1 | 0 |
_aSix Little Bunkers at Cousin Tom's _h[electronic resource] / _cLaura Lee Hope |
| 260 |
_bProject Gutenberg, _c2006 |
||
| 506 | _aPublic domain in the USA. | ||
| 516 | _aElectronic text | ||
| 653 | _aNew Jersey -- Juvenile fiction | ||
| 653 | _aSeashore -- Juvenile fiction | ||
| 653 | _aBrothers and sisters -- Juvenile fiction | ||
| 830 | 0 |
_aProject Gutenberg _v17492 |
|
| 856 | 4 | 0 | _uhttp://www.gutenberg.org/ebooks/17492 |
| 942 | _cEB | ||
| 999 |
_c246747 _d246747 |
||